| Tag |
First Indicator |
Second Indicator |
Subfields |
| LEADER |
00000cam a2200000 4500 |
| 001 |
in00000066467 |
| 005 |
20151007083544.0 |
| 008 |
720307s1962 mnu b 00000 eng u |
| 010 |
|
|
|a 62021813
|
| 035 |
|
|
|a (OCoLC)00256178
|
| 035 |
|
|
|9 AAF9540AM
|
| 040 |
|
|
|c YNG
|d OCL
|d TXA
|d UtOrBLW
|
| 049 |
|
|
|a TXAM
|c [353111]
|
| 050 |
|
0 |
|a E748.N9
|b C6 1962
|
| 092 |
|
|
|a 327.73
|b C689s
|
| 100 |
1 |
|
|a Cole, Wayne S.
|
| 245 |
1 |
0 |
|a Senator Gerald P. Nye and American foreign relations.
|
| 264 |
|
1 |
|a Minneapolis :
|b University of Minnesota Press,
|c [1962]
|
| 300 |
|
|
|a 293 pages :
|b illustrations
|
| 336 |
|
|
|a text
|b txt
|2 rdacontent
|
| 337 |
|
|
|a unmediated
|b n
|2 rdamedia
|
| 338 |
|
|
|a volume
|b nc
|2 rdacarrier
|
| 504 |
|
|
|a Includes bibliography.
|
| 600 |
1 |
0 |
|a Nye, Gerald P.
|q (Gerald Prentice),
|d 1892-1971.
|
| 651 |
|
0 |
|a United States
|x Foreign relations
|y 1933-1945.
|
| 650 |
|
0 |
|a Neutrality
|z United States.
|
| 999 |
|
|
|a MARS
|
| 999 |
f |
f |
|s 239460a6-feda-3d79-b64b-fd8d21c70ee6
|i 2737b82f-73ea-342f-909c-652079cc006f
|t 0
|
| 952 |
f |
f |
|p normal
|a Texas A&M University
|b College Station
|c Sterling C. Evans Library
|d Evans: Library Stacks
|t 0
|e E748.N9 C6 1962
|h Library of Congress classification
|i unmediated -- volume
|m A14800677650
|
| 998 |
f |
f |
|a E748.N9 C6 1962
|t 0
|l Evans: Library Stacks
|